000
00327nam a2200145Ia 4500
008
230711s9999||||xx |||||||||||||| ||und||
041
_a
ENG
082
_a
621
_b
SA-S
100
_a
Saihgal,R.L
245
0
_a
Textbook of sound
250
_a
2nd
260
_c
1990
_a
New Delhi
_b
S.Chand Publishing
650
_a
Physics
942
_c
BK
999
_c
906
_d
906